书目信息 |
| 题名: |
企业法学
|
|
| 作者: | 王全兴 编著 | |
| 分册: | ||
| 出版信息: | 武汉 武汉测绘科技大学出版社 1996.07 |
|
| 页数: | 249页 | |
| 开本: | 32开 | |
| 丛书名: | ||
| 单 册: | ||
| 中图分类: | D922.292 | |
| 科图分类: | ||
| 主题词: | 法律--中国 | |
| 电子资源: | ||
| ISBN: | 7-81030-467-4 | |
| 000 | 00553nam0 2200193 45 | |
| 001 | 0009061821 | |
| 005 | 20000906183952.0 | |
| 010 | @a7-81030-467-4@d11.00元 | |
| 100 | @a20000906d1996 km y0chiy0120 ea | |
| 101 | 0 | @achi |
| 105 | @a z 000yy | |
| 200 | 1 | @a企业法学@AQi Ye Fa Xue@f王全兴等编著@FWang Quan Xing Deng Bian Zhu |
| 210 | @a武汉@c武汉测绘科技大学出版社@d1996.07 | |
| 215 | @a249页@d32开 | |
| 606 | 0 | @a法律@x中国 |
| 690 | @aD922.292@v3 | |
| 701 | 0 | @a王全兴@4编著 |
| 801 | @aCN@bPftUser@c20000906 | |
| 905 | @b123239-243@dD922.292@eW896@f5 | |
| 企业法学/王全兴等编著.-武汉:武汉测绘科技大学出版社,1996.07 |
| 249页;32开 |
| ISBN 7-81030-467-4:11.00元 |
| ● |
| 相关链接 |
|
|
|
正题名:企业法学
索取号:D922.292/W896
 
预约/预借
| 序号 | 登录号 | 条形码 | 馆藏地/架位号 | 状态 | 备注 |
| 1 | 123239 | 201232399 | 社科库509/509社科库 87排9列5层/ [索取号:D922.292/W896] | 在馆 | |
| 2 | 123240 | 201232406 | 社科库509/509社科库 87排9列5层/ [索取号:D922.292/W896] | 在馆 | |
| 3 | 123241 | 201232415 | 社科库509/509社科库 87排9列5层/ [索取号:D922.292/W896] | 在馆 | |
| 4 | 123242 | 201232424 | 社科库509/509社科库 87排9列5层/ [索取号:D922.292/W896] | 在馆 | |
| 5 | 123243 | 201232433 | 社科库509/509社科库 87排9列5层/ [索取号:D922.292/W896] | 在馆 |